Statystyki dla Stolice Europy

Kliknij tutaj aby rozwiązać quiz!

Ogólne statystyki

  • Ten quiz został rozwiązany 46 razy
  • Średni wynik to 31 z 44

Statystyki odpowiedzi

Odpowiedź% Poprawnych
Paryż
92%
Warszawa
92%
Londyn
90%
Moskwa
90%
Ateny
87%
Madryt
87%
Praga
87%
Rzym
85%
Wiedeń
85%
Berlin
82%
Kijów
82%
Bruksela
79%
Dublin
79%
Amsterdam
77%
Bukareszt
77%
Helsinki
77%
Mińsk
77%
Sztokholm
77%
Watykan
77%
Zagrzeb
77%
Kopenhaga
74%
Oslo
74%
Budapeszt
72%
Lizbona
72%
Tirana
72%
Luksemburg
69%
Monako
69%
Tallinn
69%
Wilno
67%
Ryga
64%
Sofia
64%
Berno
62%
San marino
59%
Sarajewo
59%
Bratysława
56%
Andora
49%
Kiszyniów
49%
Rejkiawik
46%
Belgrad
44%
Skopje
44%
Vaduz
44%
Lublana
41%
Podgorica
41%
Valletta
38%

Rozkład punktacji

Percentyl według liczby udzielonych odpowiedzi

Procent ludzi z każdym wynikiem

Twoja historia wyników

Nie rozwiązałeś tego quizu